| 000 | 00508nam a2200181Ia 4500 | ||
|---|---|---|---|
| 008 | 240729s9999 xx 000 0 und d | ||
| 022 | _a2300-3405 | ||
| 245 | 0 | _aFoundations of Computing and Decision Sciences | |
| 260 | _aPoland | ||
| 260 | _bSciendo | ||
| 650 | _a Electronic computers. Computer science | ||
| 650 | _a Instruments and machines | ||
| 650 | _a Mathematics | ||
| 650 | _aScience | ||
| 856 | _uhttps://doaj.org/toc/60b766bfa9f9400c8868cb24918268a2 | ||
| 942 | _2ddc | ||
| 942 | _cDOAJEJ | ||
| 999 |
_c66551 _d66551 |
||
| 945 |
_a1 _bMadushi Gamage _c1 _dMadushi Gamage |
||